000 00567nam a2200229Ia 4500
003 OSt
005 20221005125813.0
006 a|||||r|||| 00| 0
007 ta
008 221004b |||||||| |||| 00| 0 ben d
024 _a54054
037 _cTextual
040 _aCRL
_cCRL
_bben
041 _2ben
_aben
082 _aO157,2M63,7, 32H5
100 _aRoy Au.
_9220484
245 0 _aPranaya thrishna
260 _c1945
650 _aBENGALI LITERATURE
942 _hO157,2M63,7, 32H5
_cTEXL
_2cc
999 _c1055111
_d1055111